Central Library OPAC University of Rajshahi

Economics and the art of controversy / (Record no. 42383)

MARC details
000 -LEADER
fixed length control field 00738nam a2200253 a 4500
001 - CONTROL NUMBER
control field 42383
003 - CONTROL NUMBER IDENTIFIER
rucl marc code BD-RjUL
005 - DATE AND TIME OF LATEST TRANSACTION
control field 20211209053531.0
008 - FIXED-LENGTH DATA ELEMENTS--GENERAL INFORMATION
fixed length control field 160612s1969 ii 001 0 eng d
020 ## - INTERNATIONAL STANDARD BOOK NUMBER
Terms of availability : Rs. 4.00
035 ## - SYSTEM CONTROL NUMBER
System control number (BD-RjUL)42501
040 ## - CATALOGING SOURCE
Original cataloging agency MOD
Transcribing agency MOD
Language of cataloging eng
Modifying agency BD-RjUL
041 ## - LANGUAGE CODE
Language code of text/sound track or separate title eng
082 ## - DEWEY DECIMAL CLASSIFICATION NUMBER
Edition number 23
Classification number 338.973
Author mark and year GAE 1969
100 1# - MAIN ENTRY--PERSONAL NAME
Personal name Galbraith, John Kenneth
Dates associated with a name 1908-2006.
9 (RLIN) 130350
245 10 - TITLE STATEMENT
Title Economics and the art of controversy /
Statement of responsibility, etc. John Kenneth Galbraith
250 ## - EDITION STATEMENT
Edition statement Indian ed.
260 ## - PUBLICATION, DISTRIBUTION, ETC. (IMPRINT)
Place of publication, distribution, etc. Calcutta :
Name of publisher, distributor, etc. Oxford & IBH Publiching,
Date of publication, distribution, etc. 1969
300 ## - PHYSICAL DESCRIPTION
Pagination x, 105 p. ;
Size 20 cm.
500 ## - GENERAL NOTE
General note Includes index.
650 #0 - SUBJECT ADDED ENTRY--TOPICAL TERM
Topical term or geographic name as entry element United States
General subdivision Economic policy.
9 (RLIN) 130567
Topical term or geographic name as entry element Economics.
9 (RLIN) 130568
942 ## - ADDED ENTRY ELEMENTS (KOHA)
Source of classification or shelving scheme Dewey Decimal Classification
Koha item type Books
Holdings
Lost status Source of classification or shelving scheme Damaged status Not for loan Collection code Permanent Location Current Location Shelving location Date acquired Source of acquisition Cost, normal purchase price Total Checkouts Full call number Date last seen Copy number Koha item type
  Dewey Decimal Classification     Non-fiction Central Library, University of Rajshahi Central Library, University of Rajshahi   06/08/1973 Standard Pub. Ltd. 6.25   338.973 GAE 1969 12/06/2016 C-2 Books
  Dewey Decimal Classification     Non-fiction Central Library, University of Rajshahi Central Library, University of Rajshahi   06/08/1973 Standard Pub. Ltd. 6.25   338.973 GAE 1969 12/06/2016 C-3 Books
  Dewey Decimal Classification     Non-fiction Central Library, University of Rajshahi Central Library, University of Rajshahi   07/02/1974 U. S. Govt.     338.973 GAE 1969 12/06/2016 C-4 Books
  Dewey Decimal Classification     Non-fiction Central Library, University of Rajshahi Central Library, University of Rajshahi   07/02/1974 U. S. Govt.     338.973 GAE 1969 12/06/2016 C-5 Books
  Dewey Decimal Classification     Non-fiction Central Library, University of Rajshahi Central Library, University of Rajshahi   07/02/1974 U. S. Govt.     338.973 GAE 1969 12/06/2016 C-6 Books
  Dewey Decimal Classification     Non-fiction Central Library, University of Rajshahi Central Library, University of Rajshahi   07/02/1974 U. S. Govt.     338.973 GAE 1969 12/06/2016 C-7 Books
  Dewey Decimal Classification     Non-fiction Central Library, University of Rajshahi Central Library, University of Rajshahi   07/02/1974 U. S. Govt.     338.973 GAE 1969 12/06/2016 C-8 Books
  Dewey Decimal Classification     Non-fiction Central Library, University of Rajshahi Central Library, University of Rajshahi   07/02/1974 U. S. Govt.     338.973 GAE 1969 12/06/2016 C-9 Books
  Dewey Decimal Classification     Non-fiction Central Library, University of Rajshahi Central Library, University of Rajshahi   07/02/1974 U. S. Govt.     338.973 GAE 1969 12/06/2016 C-10 Books
  Dewey Decimal Classification   Not For Loan Non-fiction Central Library, University of Rajshahi Central Library, University of Rajshahi Reading Room 07/02/1974 U. S. Govt.     338.973 GAE 1969 12/06/2016 C-1 Books